[Event "Berlin-ch Seniors op 39th"]
[Site "Berlin"]
[Date "2023.01.25"]
[Round "2"]
[White "Maetzing, Hans Dieter"]
[Black "Dreke, Frank"]
[Result "1/2-1/2"]
[WhiteElo "1821"]
[BlackElo "1989"]
[PlyCount "51"]
[EventDate "2023.01.24"]
[EventType "swiss"]
[EventRounds "9"]
[EventCountry "GER"]
[SourceTitle "CBM 212 Extra"]
[Source "ChessBase"]
[SourceDate "2023.03.31"]
[SourceVersion "1"]
[SourceVersionDate "2023.03.31"]
[SourceQuality "1"]

1. Nc3 d5 2. e4 Nf6 3. e5 Nfd7 4. f4 c5 5. Nf3 Nc6 6. Bb5 e6 7. 0-0 Nd4 8. Bxd7+ Bxd7 9. Ne2 Nxf3+ 10. Rxf3 d4 11. d3 Bc6 12. Rf2 Be7 13. Ng3 Bh4 14. Rf1 Bxg3 15. hxg3 Qd5 16. Qf3 Qd7 17. Qf2 g6 18. a3 0-0-0 19. b4 h5 20. bxc5 h4 21. gxh4 Qd5 22. Qf3 Qxc5 23. Qf2 Qd5 24. Qf3 Qc5 25. Qf2 Qe7 26. g3 1/2-1/2

[Event "EU-ch Seniors 50"]
[Site "Budoni"]
[Date "2021.10.02"]
[Round "7"]
[White "Cafolla, Peter"]
[Black "Dreke, Frank"]
[Result "1-0"]
[WhiteElo "1958"]
[BlackElo "1917"]
[PlyCount "53"]
[EventDate "2021.09.26"]
[EventType "swiss"]
[EventRounds "9"]
[EventCountry "ITA"]
[SourceTitle "EXT 2023"]
[Source "ChessBase"]
[SourceDate "2022.10.05"]
[SourceVersion "1"]
[SourceVersionDate "2022.10.05"]
[SourceQuality "1"]

1. d4 Nf6 2. c4 e6 3. Nc3 Bb4 4. f3 d5 5. a3 Bxc3+ 6. bxc3 0-0 7. cxd5 exd5 8. e3 Nh5 9. Qc2 Re8 10. Bd3 f5 11. Ne2 g6 12. 0-0 b6 13. e4 dxe4 14. fxe4 Qe7 15. exf5 Bxf5 16. Bxf5 Qxe2 17. Qxe2 Rxe2 18. Bc8 a5 19. Bb7 Ra7 20. Bd5+ Kg7 21. Rf7+ Kh8 22. Rf8+ Kg7 23. Rxb8 c6 24. Bxc6 Rf7 25. Bf3 Rc2 26. Rxb6 h6 27. Rxg6+ 1-0

[Event "Berlin-ch Seniors op 37th"]
[Site "Berlin"]
[Date "2021.06.16"]
[Round "9"]
[White "Syre, Christian"]
[Black "Dreke, Frank"]
[Result "1-0"]
[WhiteElo "2233"]
[BlackElo "1898"]
[PlyCount "68"]
[EventDate "2021.06.08"]
[EventType "swiss"]
[EventRounds "9"]
[EventCountry "GER"]
[SourceTitle "EXT 2022"]
[Source "ChessBase"]
[SourceDate "2021.10.06"]
[SourceVersion "1"]
[SourceVersionDate "2021.10.06"]
[SourceQuality "1"]

1. d4 Nf6 2. Nf3 e6 3. Bf4 c5 4. e3 b6 5. Bd3 Bb7 6. 0-0 Nc6 7. c3 d5 8. Nbd2 Nh5 9. Bg5 Qc7 10. e4 Nf4 11. Bxf4 Qxf4 12. exd5 exd5 13. Re1+ Kd8 14. dxc5 Bxc5 15. Bf1 Kc7 16. b4 Bd6 17. Rc1 Rad8 18. g3 Qf6 19. Bg2 Kb8 20. Nb3 d4 21. b5 Ne5 22. Nfxd4 Bc5 23. Bxb7 Kxb7 24. f4 Nc4 25. Qf3+ Kc7 26. Re2 Rhe8 27. Rce1 Rxe2 28. Rxe2 Rd7 29. Qa8 Na5 30. Nxc5 bxc5 31. Qxa7+ Nb7 32. Nb3 Qxc3 33. b6+ Kc6 34. Qa4+ Kd5 1-0

[Event "Berlin-ch Seniors op 37th"]
[Site "Berlin"]
[Date "2021.06.12"]
[Round "5"]
[White "Fitzke, Ulrich"]
[Black "Dreke, Frank"]
[Result "1-0"]
[WhiteElo "1813"]
[BlackElo "1898"]
[PlyCount "129"]
[EventDate "2021.06.08"]
[EventType "swiss"]
[EventRounds "9"]
[EventCountry "GER"]
[SourceTitle "EXT 2022"]
[Source "ChessBase"]
[SourceDate "2021.10.06"]
[SourceVersion "1"]
[SourceVersionDate "2021.10.06"]
[SourceQuality "1"]

1. d4 Nf6 2. c4 e6 3. Nc3 Bb4 4. Bd2 b6 5. e3 Bb7 6. Nf3 0-0 7. Bd3 Bxc3 8. Bxc3 Ne4 9. Rc1 d6 10. 0-0 Nd7 11. b3 Nxc3 12. Rxc3 f5 13. Qe2 Qf6 14. Rcc1 e5 15. dxe5 dxe5 16. Bb1 c5 17. e4 f4 18. Rcd1 Rad8 19. Qb2 g5 20. h3 h5 21. Nh2 Nb8 22. Rxd8 Rxd8 23. Qe2 Qf7 24. Rd1 Rd4 25. Nf3 Rxd1+ 26. Qxd1 Qe7 27. Nh2 Qf7 28. Qd8+ Qf8 29. Qxg5+ Qg7 30. Qxh5 Nc6 31. Qg4 Qxg4 32. Nxg4 Kg7 33. f3 Bc8 34. Kf2 Kg6 35. g3 Kg5 36. Kg2 Be6 37. Bd3 Bc8 38. Nf2 fxg3 39. Kxg3 Be6 40. Ng4 Bc8 41. Be2 Be6 42. h4+ Kg6 43. f4 exf4+ 44. Kxf4 Nd4 45. Bd1 Kh5 46. Kg3 Bc8 47. Nf6+ Kg6 48. Nd5 Bd7 49. Kf4 b5 50. cxb5 Bxb5 51. Ke5 Kf7 52. Bh5+ Kg7 53. Kd6 c4 54. bxc4 Bxc4 55. Kc5 Bxd5 56. Kxd5 Nc2 57. Kd6 Ne3 58. Be2 a5 59. h5 a4 60. e5 a3 61. Kd7 Nd5 62. e6 Kf8 63. Bf3 Nf6+ 64. Kd8 Ng8 65. h6 1-0

[Event "Berlin Lichtenberger op 16th"]
[Site "Berlin"]
[Date "2017.08.25"]
[Round "7"]
[White "Dreke, Frank"]
[Black "Woinowski, Michael"]
[Result "0-1"]
[WhiteElo "1958"]
[BlackElo "1761"]
[PlyCount "86"]
[EventDate "2017.08.19"]
[EventType "swiss"]
[EventRounds "9"]
[EventCountry "GER"]
[SourceTitle "CBM 180 Extra"]
[Source "ChessBase"]
[SourceDate "2017.10.06"]
[SourceVersion "1"]
[SourceVersionDate "2017.10.06"]
[SourceQuality "1"]

1. e4 e5 2. Nf3 Nc6 3. d4 exd4 4. Nxd4 Nf6 5. Nxc6 bxc6 6. e5 Nd5 7. c4 Nb6 8. Be2 Bb4+ 9. Bd2 Qe7 10. f4 Bc5 11. b3 0-0 12. Bf3 d5 13. Qe2 Bf5 14. Be3 d4 15. Bf2 Bb4+ 16. Kf1 Rad8 17. g4 Bc8 18. a3 Bc5 19. Qd3 f6 20. b4 Ba6 21. Nd2 Qf7 22. bxc5 Nxc4 23. Ke2 Nxd2 24. Qxa6 Nxf3 25. Kxf3 Qb3+ 26. Kg2 Qd5+ 27. Kh3 Qf3+ 28. Bg3 h5 29. Qc4+ Kh8 30. gxh5 fxe5 31. Rhf1 Qxh5+ 32. Kg2 e4 33. Rae1 e3 34. Qd3 Qxc5 35. f5 Qd5+ 36. Kg1 c5 37. f6 Rxf6 38. Rxf6 gxf6 39. Rf1 c4 40. Qg6 Qg5 41. Qe4 d3 42. Qe7 Rg8 43. Rxf6 d2 0-1

[Event "Berlin Lichtenberger op 16th"]
[Site "Berlin"]
[Date "2017.08.24"]
[Round "6"]
[White "Simon, Ralf Axel"]
[Black "Dreke, Frank"]
[Result "1-0"]
[WhiteElo "2184"]
[BlackElo "1958"]
[PlyCount "65"]
[EventDate "2017.08.19"]
[EventType "swiss"]
[EventRounds "9"]
[EventCountry "GER"]
[SourceTitle "CBM 180 Extra"]
[Source "ChessBase"]
[SourceDate "2017.10.06"]
[SourceVersion "1"]
[SourceVersionDate "2017.10.06"]
[SourceQuality "1"]

1. Nf3 d5 2. e3 Nf6 3. c4 g6 4. cxd5 Nxd5 5. Qa4+ Nd7 6. e4 N5b6 7. Qd4 e5 8. Qc3 Bg7 9. d3 0-0 10. Bg5 f6 11. Be3 Qe7 12. Qxc7 Re8 13. Be2 Qb4+ 14. Qc3 Bf8 15. 0-0 Na4 16. Qxb4 Bxb4 17. b3 Nac5 18. Rc1 Ne6 19. a3 Bc5 20. Nc3 Kf7 21. Nd5 b6 22. b4 Bd6 23. Rc6 Bb8 24. Rac1 Bb7 25. R6c3 Bd6 26. Bd1 a5 27. Bb3 axb4 28. axb4 Kg7 29. g3 Rab8 30. Ba4 Bxd5 31. Bxd7 Bxb4 32. Bxe8 Bxc3 33. exd5 1-0

[Event "Berlin Lichtenberger op 16th"]
[Site "Berlin"]
[Date "2017.08.23"]
[Round "5"]
[White "Dreke, Frank"]
[Black "Kohlmeyer, Dagobert"]
[Result "1-0"]
[WhiteElo "1958"]
[BlackElo "1888"]
[PlyCount "63"]
[EventDate "2017.08.19"]
[EventType "swiss"]
[EventRounds "9"]
[EventCountry "GER"]
[SourceTitle "CBM 180 Extra"]
[Source "ChessBase"]
[SourceDate "2017.10.06"]
[SourceVersion "1"]
[SourceVersionDate "2017.10.06"]
[SourceQuality "1"]

1. e4 e6 2. d4 d5 3. Bd3 dxe4 4. Bxe4 Nf6 5. Bf3 c5 6. Ne2 cxd4 7. Nxd4 Bc5 8. Be3 Qb6 9. Nc3 0-0 10. 0-0 Qd8 11. Nxe6 fxe6 12. Bxc5 Qxd1 13. Raxd1 Re8 14. Nb5 Na6 15. Ba3 e5 16. Nd6 Re6 17. Rfe1 Nc7 18. b3 Rb8 19. Bb2 e4 20. Nxe4 Nxe4 21. Rd8+ Kf7 22. Rxe4 h6 23. Be5 Re7 24. Bd6 Rxe4 25. Bxe4 Ne6 26. Bxb8 Nxd8 27. Bxa7 Ke6 28. Bd4 g5 29. a4 Bd7 30. Kf1 Nc6 31. Bc3 Be8 32. Ke2 1-0

[Event "Berlin Lichtenberger op 16th"]
[Site "Berlin"]
[Date "2017.08.20"]
[Round "2"]
[White "Elsing, Jan"]
[Black "Dreke, Frank"]
[Result "1/2-1/2"]
[WhiteElo "2140"]
[BlackElo "1958"]
[PlyCount "73"]
[EventDate "2017.08.19"]
[EventType "swiss"]
[EventRounds "9"]
[EventCountry "GER"]
[SourceTitle "CBM 180 Extra"]
[Source "ChessBase"]
[SourceDate "2017.10.06"]
[SourceVersion "1"]
[SourceVersionDate "2017.10.06"]
[SourceQuality "1"]

1. c4 c5 2. Nc3 Nc6 3. g3 g6 4. Bg2 Bg7 5. d3 e5 6. Nf3 Nge7 7. 0-0 0-0 8. Ne1 d6 9. Nc2 Rb8 10. Rb1 Be6 11. Ne3 a6 12. Bd2 Qd7 13. Ned5 b5 14. Qc1 b4 15. Nxe7+ Nxe7 16. Nd5 f6 17. Nxe7+ Qxe7 18. Bd5 Bxd5 19. cxd5 e4 20. Qc4 f5 21. Qxa6 Ra8 22. Qc4 Rfe8 23. Be3 exd3 24. exd3 Qa7 25. Bf4 Be5 26. Rfe1 Qxa2 27. b3 Bd4 28. Rxe8+ Rxe8 29. Rf1 Re2 30. Qb5 Qxb3 31. Qb8+ Kf7 32. Qxd6 Qxd3 33. Bh6 Re8 34. Qd7+ Re7 35. Qd8 Re8 36. Qd7+ Re7 37. Qd8 1/2-1/2

[Event "Berlin Lichtenberger op 14th"]
[Site "Berlin"]
[Date "2015.08.23"]
[Round "9"]
[White "Glasser, Timon"]
[Black "Dreke, Frank"]
[Result "1-0"]
[WhiteElo "1720"]
[BlackElo "2003"]
[PlyCount "57"]
[EventDate "2015.08.15"]
[EventType "swiss"]
[EventRounds "9"]
[EventCountry "GER"]
[SourceTitle "EXT 2016"]
[Source "ChessBase"]
[SourceDate "2015.10.08"]
[SourceVersion "1"]
[SourceVersionDate "2015.10.08"]
[SourceQuality "1"]

1. Nf3 g6 2. c4 c5 3. Nc3 Bg7 4. g3 e5 5. Bg2 Ne7 6. d3 Nbc6 7. 0-0 d6 8. a3 0-0 9. Rb1 a5 10. Qb3 Rb8 11. Nb5 h6 12. e3 Kh7 13. Bd2 Be6 14. Nc3 d5 15. Rfd1 d4 16. exd4 exd4 17. Ne4 b6 18. Bf4 Ra8 19. Re1 Ra7 20. Re2 g5 21. Nexg5+ hxg5 22. Nxg5+ Kg8 23. Nxe6 fxe6 24. Rxe6 Rf6 25. Rbe1 a4 26. Qd1 Rxe6 27. Rxe6 Qc8 28. Qe2 Qd7 29. Bxc6 1-0

[Event "Berlin Lichtenberger op 14th"]
[Site "Berlin"]
[Date "2015.08.18"]
[Round "4"]
[White "Dreke, Frank"]
[Black "Schmidt, Fabian"]
[Result "1-0"]
[WhiteElo "2003"]
[BlackElo "1766"]
[PlyCount "67"]
[EventDate "2015.08.15"]
[EventType "swiss"]
[EventRounds "9"]
[EventCountry "GER"]
[SourceTitle "EXT 2016"]
[Source "ChessBase"]
[SourceDate "2015.10.08"]
[SourceVersion "1"]
[SourceVersionDate "2015.10.08"]
[SourceQuality "1"]

1. e4 c5 2. Nf3 d6 3. d4 cxd4 4. c3 dxc3 5. Nxc3 Nc6 6. Bc4 a6 7. 0-0 Nf6 8. Bg5 e6 9. a3 b5 10. Ba2 Be7 11. Qe2 Bb7 12. Rfd1 Qc7 13. Rac1 Qb8 14. b4 0-0 15. Bf4 Rd8 16. e5 dxe5 17. Nxe5 Bd6 18. Nxf7 Bxf4 19. Nxd8 Nxd8 20. Bxe6+ Kh8 21. Rc2 Nxe6 22. Qxe6 Bxh2+ 23. Kh1 Be5 24. Re1 Bd4 25. Rd1 Qa7 26. Rcd2 Re8 27. Qb3 Bb6 28. f3 Re5 29. Rd8+ Bxd8 30. Rxd8+ Ne8 31. Qf7 Re1+ 32. Kh2 Qg1+ 33. Kg3 Bd5 34. Nxd5 1-0

[Event "Berlin Lichtenberger op 14th"]
[Site "Berlin"]
[Date "2015.08.17"]
[Round "3"]
[White "Lieder, Guenter"]
[Black "Dreke, Frank"]
[Result "1-0"]
[WhiteElo "1849"]
[BlackElo "2003"]
[PlyCount "75"]
[EventDate "2015.08.15"]
[EventType "swiss"]
[EventRounds "9"]
[EventCountry "GER"]
[SourceTitle "EXT 2016"]
[Source "ChessBase"]
[SourceDate "2015.10.08"]
[SourceVersion "1"]
[SourceVersionDate "2015.10.08"]
[SourceQuality "1"]

1. e4 Nf6 2. e5 Nd5 3. c4 Nb6 4. b3 d6 5. exd6 Qxd6 6. Bb2 c5 7. Nc3 e5 8. g3 Nc6 9. Nb5 Qd8 10. Bg2 Nb4 11. Be4 a6 12. Na3 Nd3+ 13. Bxd3 Qxd3 14. Qe2 Qxe2+ 15. Nxe2 Bg4 16. Nc2 0-0-0 17. Ne3 Bf3 18. Rg1 f6 19. g4 h6 20. Nf5 Rd3 21. Nc1 Rd7 22. Ne2 Na8 23. Nh4 Be4 24. Ng3 Bd3 25. Nhf5 Nc7 26. Ne3 Ne6 27. Nd5 Kb8 28. Nf5 Nf4 29. Nxf4 exf4 30. 0-0-0 g6 31. Nh4 Bg7 32. Rde1 Kc8 33. Re6 Rf8 34. Rge1 Kc7 35. Bc3 Rff7 36. Ba5+ Kb8 37. Bb6 Rf8 38. Re8+ 1-0

[Event "Berlin Lichtenberger op 14th"]
[Site "Berlin"]
[Date "2015.08.16"]
[Round "2"]
[White "Dreke, Frank"]
[Black "Gullaksen, Eirik Tvedt"]
[Result "0-1"]
[WhiteElo "2003"]
[BlackElo "2345"]
[PlyCount "80"]
[EventDate "2015.08.15"]
[EventType "swiss"]
[EventRounds "9"]
[EventCountry "GER"]
[SourceTitle "EXT 2016"]
[Source "ChessBase"]
[SourceDate "2015.10.08"]
[SourceVersion "1"]
[SourceVersionDate "2015.10.08"]
[SourceQuality "1"]

1. e4 c5 2. Nf3 Nc6 3. d4 cxd4 4. Nxd4 e5 5. Nb3 Nf6 6. Bg5 h6 7. Bxf6 Qxf6 8. Nc3 Bb4 9. Qd3 0-0 10. a3 Bxc3+ 11. Qxc3 d6 12. Rd1 Rd8 13. Be2 Qg6 14. Bf3 Be6 15. Rd2 Rac8 16. Qe3 Bxb3 17. Qxb3 Nd4 18. Qd3 d5 19. 0-0 dxe4 20. Bxe4 f5 21. Bxb7 Rc7 22. Ba6 Nf3+ 23. Qxf3 Rxd2 24. Qb3+ Kh7 25. Bc4 Qb6 26. Qc3 Qd6 27. b3 e4 28. h4 Rd1 29. Rxd1 Qxd1+ 30. Kh2 Rd7 31. Qa5 Qg4 32. g3 f4 33. Qc3 fxg3+ 34. fxg3 Qd1 35. Qe3 Qd2+ 36. Qxd2 Rxd2+ 37. Kg1 Kg6 38. Be6 Kf6 39. Bg8 Rxc2 40. Kf1 Ke5 0-1

[Event "Berlin Lichtenberger op 14th"]
[Site "Berlin"]
[Date "2015.08.15"]
[Round "1"]
[White "Kostanyan, Hakob"]
[Black "Dreke, Frank"]
[Result "0-1"]
[WhiteElo "1583"]
[BlackElo "2003"]
[PlyCount "60"]
[EventDate "2015.08.15"]
[EventType "swiss"]
[EventRounds "9"]
[EventCountry "GER"]
[SourceTitle "EXT 2016"]
[Source "ChessBase"]
[SourceDate "2015.10.08"]
[SourceVersion "1"]
[SourceVersionDate "2015.10.08"]
[SourceQuality "1"]

1. e4 Nf6 2. e5 Nd5 3. d4 d6 4. c4 Nb6 5. Nc3 dxe5 6. dxe5 Qxd1+ 7. Nxd1 Nc6 8. Nf3 Bg4 9. Bf4 e6 10. Be2 Bb4+ 11. Kf1 0-0-0 12. Ng5 Bxe2+ 13. Kxe2 Nd4+ 14. Kf1 Nc2 15. Rc1 Rd4 16. b3 Rhd8 17. Ke2 Bd2 18. Bxd2 Rxd2+ 19. Kf3 Nd7 20. Kf4 Nc5 21. Kg3 Nd3 22. Rb1 Nxe5 23. Nb2 Nd4 24. Rhe1 f6 25. Ne4 Ne2+ 26. Kh3 Rc2 27. Nc5 Rd6 28. Ne4 Rd4 29. Nc5 Rdd2 30. Nba4 Nf4+ 0-1

[Event "Blankenburg op-A 19th"]
[Site "Blankenburg"]
[Date "2014.10.03"]
[Round "3"]
[White "Dreke, Frank"]
[Black "Anderberg, Peter"]
[Result "1/2-1/2"]
[WhiteElo "1981"]
[BlackElo "2072"]
[PlyCount "29"]
[EventDate "2014.10.02"]
[EventType "swiss"]
[EventRounds "7"]
[EventCountry "GER"]
[SourceTitle "EXT 2023"]
[Source "ChessBase"]
[SourceDate "2022.10.05"]
[SourceVersion "1"]
[SourceVersionDate "2022.10.05"]
[SourceQuality "1"]

1. e4 d5 2. exd5 Qxd5 3. Nc3 Qa5 4. Nf3 Nf6 5. Bc4 c6 6. 0-0 Bg4 7. Re1 Nbd7 8. d4 e6 9. h3 Bh5 10. g4 Bg6 11. Bd2 0-0-0 12. Nd5 Qa4 13. b3 Qa3 14. Bc1 Qa5 15. Bd2 1/2-1/2

[Event "Blankenburg op-A 19th"]
[Site "Blankenburg"]
[Date "2014.10.02"]
[Round "1"]
[White "Dreke, Frank"]
[Black "Dietz, Florian"]
[Result "1-0"]
[WhiteElo "1981"]
[BlackElo "1776"]
[PlyCount "45"]
[EventDate "2014.10.02"]
[EventType "swiss"]
[EventRounds "7"]
[EventCountry "GER"]
[SourceTitle "EXT 2023"]
[Source "ChessBase"]
[SourceDate "2022.10.05"]
[SourceVersion "1"]
[SourceVersionDate "2022.10.05"]
[SourceQuality "1"]

1. e4 c5 2. d4 cxd4 3. c3 e5 4. cxd4 exd4 5. Nf3 Bc5 6. Bc4 Nc6 7. 0-0 Nge7 8. Ng5 Ne5 9. Nxf7 Nxf7 10. Bxf7+ Kxf7 11. Qh5+ g6 12. Qxc5 Nc6 13. Bf4 Re8 14. Nd2 b6 15. Qd5+ Kg7 16. Bg5 Qc7 17. Nf3 Ba6 18. Rfe1 Rac8 19. b4 Bb7 20. Rac1 Qb8 21. Qxd7+ Kg8 22. Qd5+ Kg7 23. b5 1-0

[Event "Berlin Lichtenberger op 12th"]
[Site "Berlin"]
[Date "2013.08.20"]
[Round "4"]
[White "Albrecht, Rainer"]
[Black "Dreke, Frank"]
[Result "1-0"]
[WhiteElo "2112"]
[BlackElo "1990"]
[PlyCount "43"]
[EventDate "2013.08.17"]
[EventType "swiss"]
[EventRounds "9"]
[EventCountry "GER"]
[SourceTitle "CBM 156 Extra"]
[Source "ChessBase"]
[SourceDate "2013.10.22"]
[SourceVersion "1"]
[SourceVersionDate "2013.10.22"]
[SourceQuality "1"]

1. d4 Nf6 2. c4 e6 3. Nc3 b6 4. Qc2 Bb7 5. e4 Bb4 6. Bd3 d5 7. cxd5 Bxc3+ 8. bxc3 exd5 9. e5 Ne4 10. Ne2 Nd7 11. 0-0 c5 12. f3 Ng5 13. Bb5 Ne6 14. f4 a6 15. Bd3 cxd4 16. cxd4 b5 17. Qd2 Qb6 18. Qe3 b4 19. f5 Nef8 20. Nf4 0-0-0 21. e6 Re8 22. exd7+ 1-0

[Event "Berlin Lichtenberger op 11th"]
[Site "Berlin"]
[Date "2012.08.26"]
[Round "9"]
[White "Dreke, Frank"]
[Black "Rauscher, Joachim"]
[Result "0-1"]
[WhiteElo "2025"]
[BlackElo "1866"]
[PlyCount "42"]
[EventDate "2012.08.18"]
[EventType "swiss"]
[EventRounds "9"]
[EventCountry "GER"]
[SourceTitle "CBM 150 Extra"]
[Source "ChessBase"]
[SourceDate "2012.10.19"]
[SourceVersion "1"]
[SourceVersionDate "2012.10.19"]
[SourceQuality "1"]

1. e4 c5 2. d4 cxd4 3. c3 dxc3 4. Nxc3 Nc6 5. Nf3 e6 6. Bc4 a6 7. 0-0 b5 8. Bb3 Bc5 9. Qe2 Nge7 10. Bg5 f6 11. Bf4 Na5 12. e5 0-0 13. exf6 Rxf6 14. Bg5 Nxb3 15. Bxf6 Nxa1 16. Ne4 Qb6 17. Nfg5 g6 18. Nxc5 Qxc5 19. Ne4 Qc2 20. Qf3 Bb7 21. Be5 Qxe4 0-1

[Event "Berlin Lichtenberger op 11th"]
[Site "Berlin"]
[Date "2012.08.23"]
[Round "6"]
[White "Dreke, Frank"]
[Black "Sawlin, Leonid"]
[Result "0-1"]
[WhiteElo "2025"]
[BlackElo "1952"]
[PlyCount "48"]
[EventDate "2012.08.18"]
[EventType "swiss"]
[EventRounds "9"]
[EventCountry "GER"]
[SourceTitle "CBM 150 Extra"]
[Source "ChessBase"]
[SourceDate "2012.10.19"]
[SourceVersion "1"]
[SourceVersionDate "2012.10.19"]
[SourceQuality "1"]

1. e4 e6 2. d4 d5 3. Bd3 Nf6 4. Nd2 c5 5. e5 Nfd7 6. c3 Nc6 7. Ndf3 cxd4 8. cxd4 f6 9. Nh3 Bb4+ 10. Kf1 0-0 11. Bxh7+ Kxh7 12. Nfg5+ fxg5 13. Qh5+ Kg8 14. Nxg5 Qxg5 15. Bxg5 Nxd4 16. Qg4 Bc5 17. b4 Nxe5 18. Qd1 b6 19. f4 Ba6+ 20. Kf2 Nd3+ 21. Kg3 Nf5+ 22. Kf3 e5 23. bxc5 e4+ 24. Ke2 Nb2+ 0-1

[Event "Berlin Lichtenberger op 11th"]
[Site "Berlin"]
[Date "2012.08.22"]
[Round "5"]
[White "Casny, Guenter"]
[Black "Dreke, Frank"]
[Result "0-1"]
[WhiteElo "1860"]
[BlackElo "2025"]
[PlyCount "118"]
[EventDate "2012.08.18"]
[EventType "swiss"]
[EventRounds "9"]
[EventCountry "GER"]
[SourceTitle "CBM 150 Extra"]
[Source "ChessBase"]
[SourceDate "2012.10.19"]
[SourceVersion "1"]
[SourceVersionDate "2012.10.19"]
[SourceQuality "1"]

1. g3 e5 2. Bg2 Nc6 3. e4 Nf6 4. Nc3 Bc5 5. Nge2 a6 6. 0-0 h5 7. Nd5 h4 8. d4 Nxd4 9. Nxd4 Bxd4 10. c3 Ba7 11. Bg5 hxg3 12. hxg3 c6 13. Nxf6+ gxf6 14. Bh4 d6 15. Qf3 Rh6 16. Rad1 Be6 17. b3 Qe7 18. Rd2 0-0-0 19. c4 Rg8 20. Kh2 Qd7 21. Rh1 Bd4 22. Kg1 f5 23. Kf1 fxe4 24. Qxe4 f5 25. Qe2 Kb8 26. Rxd4 exd4 27. Qd2 Qg7 28. Qf4 Bd7 29. c5 Re6 30. cxd6 Qg4 31. Qxg4 fxg4 32. Be7 d3 33. f3 Re2 34. f4 Rxa2 35. Be4 Ra1+ 36. Kf2 Rxh1 37. Bxh1 Bf5 38. Ke3 Kc8 39. Bg2 Rh8 40. Bf1 Rh1 41. Bxd3 Bxd3 42. Kxd3 Rg1 43. Bh4 Kd7 44. Ke4 Kxd6 45. Kf5 Rb1 46. Kxg4 Ke6 47. Kg5 Kf7 48. f5 Rxb3 49. Kf4 a5 50. g4 a4 51. Bf2 a3 52. g5 a2 53. g6+ Kg8 54. f6 Rb4+ 55. Kg5 a1Q 56. f7+ Kg7 57. f8Q+ Kxf8 58. Bc5+ Kg7 59. Bxb4 Qe5+ 0-1

[Event "Berlin Lichtenrade op 07th"]
[Site "Berlin"]
[Date "2011.10.09"]
[Round "2"]
[White "Dreke, Frank"]
[Black "Lagunow, Alexander"]
[Result "0-1"]
[WhiteElo "2052"]
[BlackElo "2430"]
[PlyCount "76"]
[EventDate "2011.10.08"]
[EventType "swiss"]
[EventRounds "9"]
[EventCountry "GER"]
[SourceTitle "CBM 144 Extra"]
[Source "ChessBase"]
[SourceDate "2011.10.28"]
[SourceVersion "1"]
[SourceVersionDate "2011.10.28"]
[SourceQuality "1"]

1. c4 g6 2. Nc3 Bg7 3. g3 Nf6 4. Bg2 d6 5. Nf3 0-0 6. 0-0 Nc6 7. Rb1 d5 8. cxd5 Nxd5 9. Ng5 e6 10. Nf3 h6 11. a3 Nde7 12. d3 e5 13. b4 a6 14. Bd2 Be6 15. a4 Nd4 16. Nxd4 exd4 17. Ne4 b6 18. Bc1 Nd5 19. Qc2 f5 20. Nd2 Nc3 21. Nb3 Bd5 22. Bb2 Bxg2 23. Kxg2 Qd5+ 24. Kg1 Nxb1 25. Rxb1 Rfe8 26. Re1 Re7 27. Ba1 c5 28. bxc5 Rc8 29. a5 bxa5 30. Nxa5 Qxc5 31. Nc4 Kh7 32. Bb2 Qb5 33. Ba3 Re6 34. Rb1 Rxe2 35. Qd1 Rce8 36. Rxb5 Re1+ 37. Qxe1 Rxe1+ 38. Kg2 axb5 0-1

[Event "Berlin Lichtenberger op 10th"]
[Site "Berlin"]
[Date "2011.08.16"]
[Round "4"]
[White "Kapp, Martin"]
[Black "Dreke, Frank"]
[Result "1-0"]
[WhiteElo "2209"]
[BlackElo "2030"]
[PlyCount "41"]
[EventDate "2011.08.13"]
[EventType "swiss"]
[EventRounds "9"]
[EventCountry "GER"]
[SourceTitle "CBM 143 Extra"]
[Source "ChessBase"]
[SourceDate "2011.08.29"]
[SourceVersion "1"]
[SourceVersionDate "2011.08.29"]
[SourceQuality "1"]

1. d4 Nf6 2. c4 e5 3. dxe5 Ng4 4. e4 h5 5. Be2 Nc6 6. h3 Ngxe5 7. a3 Bc5 8. Nf3 Qf6 9. Nc3 0-0 10. Nd5 Qg6 11. Ng5 Nd4 12. f4 Nxe2 13. Qxe2 f6 14. Be3 fxg5 15. Bxc5 Re8 16. fxe5 d6 17. Bd4 Bd7 18. Nxc7 Rac8 19. Nxe8 Rxe8 20. 0-0-0 Bc6 21. Rhe1 1-0

[Event "Marianske Lazne op"]
[Site "Marianske Lazne"]
[Date "2011.01.21"]
[Round "8"]
[White "Dreke, Frank"]
[Black "Nad, Boris"]
[Result "0-1"]
[WhiteElo "2032"]
[BlackElo "1889"]
[PlyCount "46"]
[EventDate "2011.01.15"]
[EventType "swiss"]
[EventRounds "9"]
[EventCountry "CZE"]
[SourceTitle "CBM 140 Extra"]
[Source "ChessBase"]
[SourceDate "2011.03.01"]
[SourceVersion "1"]
[SourceVersionDate "2011.03.01"]
[SourceQuality "1"]

1. e4 e5 2. Nf3 Nc6 3. d4 exd4 4. Bc4 Nf6 5. 0-0 Bc5 6. e5 d5 7. Bb5 Ne4 8. Nxd4 Bd7 9. Bxc6 bxc6 10. f3 Ng5 11. Kh1 0-0 12. Nc3 Ne6 13. Be3 Bb6 14. f4 Nxd4 15. Bxd4 c5 16. Bf2 Bc6 17. Qh5 f5 18. Rad1 d4 19. Qe2 Kh8 20. Qc4 Qe8 21. Qb3 dxc3 22. Qxc3 Rd8 23. Bxc5 Qg6 0-1

[Event "Berlin Lichtenberger op 7th"]
[Site "Berlin"]
[Date "2008.08.17"]
[Round "2"]
[White "Skibbe, Willi"]
[Black "Dreke, Frank"]
[Result "1-0"]
[WhiteElo "2183"]
[BlackElo "2037"]
[PlyCount "77"]
[EventDate "2008.08.16"]
[EventType "swiss"]
[EventRounds "9"]
[EventCountry "GER"]
[SourceTitle "CBM 126 Extra"]
[Source "ChessBase"]
[SourceDate "2008.11.05"]
[SourceVersion "1"]
[SourceVersionDate "2008.11.05"]
[SourceQuality "1"]

1. d4 Nf6 2. Nf3 e6 3. Bf4 b6 4. Nbd2 Bb7 5. e3 Be7 6. h3 0-0 7. Bd3 d5 8. Ne5 c5 9. c3 Nbd7 10. Qf3 Qc8 11. h4 Ne8 12. Rh3 f5 13. h5 Nxe5 14. Bxe5 Nf6 15. Qg3 Rf7 16. f3 Qd7 17. Qf4 Rd8 18. Bc2 Bc6 19. a4 a5 20. Nf1 Rc8 21. Ng3 cxd4 22. exd4 Ne8 23. Ne2 Nd6 24. b3 Ne8 25. Qe3 Bd6 26. Kd2 Bxe5 27. Qxe5 Qd6 28. Qxd6 Nxd6 29. Nf4 Re7 30. Re1 Rce8 31. Nd3 g6 32. hxg6 hxg6 33. Ne5 Bb7 34. Reh1 Nf7 35. Nxg6 Rc7 36. Rg3 Kg7 37. Nf4+ Kf6 38. Rg6+ Ke7 39. Nxe6 1-0